01087cam a2200289 4500001001300000003000400013005001700017008004100034010001700075040004500092043001200137050002400149051001900173082001400192100002800206245015600234260006900390300003500459350000900494490006100503504003000564650002800594650004500622700004800667830006500715999001700780gs 68000305 DLC20260227111423.0690527s1966 cauac b 001 0 eng c ags 68000305  aU.S. Geological Survey LibrarycDLCdDLC an-us-ca00aTN24.C2bA3 no. 189 aQE375.C32bM8200a549.9/7941 aMurdoch, Joseph,d1890-10aMinerals of California: centennial volume, 1866-1966,cby Joseph Murdoch and Robert Wallace Webb, with sections by Ian Campbell and Eleanor M. Learned. aSan Francisco,bCalifornia Division of Mines and Geology,c1966. a559 p.billus., ports.c24 cm. a5.001 aCalifornia. Division of Mines and Geology. Bulletinv189 aBibliography: p. 395-515. 0aMineralogyzCalifornia. 0aMines and mineral resourceszCalifornia.1 aWebb, Robert Wallace,d1909-ejoint author. 0aBulletin (California. Division of Mines and Geology) ;v189. c30514d30514